[Event "TIPC 2011"]
[Site "Roux, BEL"]
[Date "2011.08.01"]
[Round "4.13"]
[White "Timmermans, Daniel"]
[Black "Uhoda, Philippe"]
[Result "1/2-1/2"]
[BlackElo "2100"]
[WhiteElo "1943"]

1.d4 d6 2.c4 e5 3.d5 f5 4.Nc3 Nf6 5.g3 Be7 6.Bg2 O-O 7.e3 Na6 8.Nge2 Bd7 9.O-O
Qe8 10.f4 e4 11.Bd2 c6 12.a3 cxd5 13.Nxd5 Nxd5 14.cxd5 Qf7 15.Nc3 Rfc8 16.b4
Nc7 17.Qb3 Bf6 18.Rfd1 Nb5 19.Nxb5 Bxb5 20.Rac1 Qe8 21.Rxc8 Rxc8 22.Rc1 Rxc1
23.Bxc1 Qc8 24.Bb2 Bxb2 25.Qxb2 Qc4 26.h3 Qxd5 27.Qc1 Qc6 28.Qd2 a6 29.Bf1 Bxf1
30.Kxf1 Qc4 31.Kf2 d5 32.Qb2 Qc7 33.g4 fxg4 34.hxg4 Qe7 35.Kg3 Qd6 36.Qc3 Qd7
37.Qd4 h6 38.f5 Kf7 39.Kf4 Kf8 40.Kg3 Kf7 41.Kf4 Qc6 42.Kg3 1/2-1/2

[Event "TIPC 2011"]
[Site "Roux, BEL"]
[Date "2011.08.02"]
[Round "5.1"]
[White "Maes, Wim"]
[Black "Vandevoort, Pascal"]
[Result "1-0"]
[BlackElo "2409"]
[WhiteElo "2245"]

1.e4 c5 2.Nf3 Nc6 3.d3 g6 4.g3 Bg7 5.Bg2 e6 6.O-O Nge7 7.c3 d5 8.Nbd2 O-O 9.Re1
b6 10.Qe2 Ba6 11.e5 Qc7 12.Nf1 d4 13.c4 b5 14.b3 bxc4 15.bxc4 Rab8 16.h4 Nc8
17.N1h2 Nb6 18.Ng4 h5 19.Nf6 Kh8 20.Nxh5 gxh5 21.Ng5 Rfc8 22.Qxh5 Kg8 23.Bxc6
Qxc6 24.Qxf7 Kh8 25.Qg6 Kg8 26.Re4 Kh8 1-0

[Event "TIPC 2011"]
[Site "Roux, BEL"]
[Date "2011.08.02"]
[Round "5.2"]
[White "Laurent, Bruno"]
[Black "Cools, Gorik"]
[Result "1/2-1/2"]
[BlackElo "2230"]
[WhiteElo "2365"]

1.e4 e5 2.Nf3 Nc6 3.Nc3 Nf6 4.d4 exd4 5.Nxd4 Bb4 6.Nxc6 bxc6 7.Bd3 d5 8.exd5
cxd5 9.O-O O-O 10.Bg5 c6 11.Qf3 Be7 12.Rae1 h6 13.Bxh6 gxh6 14.Qe3 Kg7 15.Qxe7
Qxe7 16.Rxe7 c5 17.b3 Be6 18.Re1 Kg8 19.Nb5 Rfe8 20.Rxe8 Nxe8 21.f4 a6 22.Nc3
c4 23.bxc4 dxc4 24.Be4 Rd8 25.Kf2 Nd6 26.g4 f5 27.Bf3 Kf7 28.h3 Nb5 29.Nxb5
axb5 30.a3 Rd2 31.Re2 Rd6 32.Re5 Rd2 33.Kg3 Rxc2 34.Rxb5 Rc3 35.a4 Ra3 36.a5 c3
37.Rc5 Ke7 38.g5 hxg5 39.fxg5 Kd6 40.Rc6 Ke5 41.a6 f4 42.Kh4 c2 43.Bg4 Rxa6 44.
Rxc2 Bd5 45.Re2 Kd4 46.Re8 Be4 47.Re6 Ra8 48.g6 f3 49.Kg3 Rg8 50.Bxf3 Rxg6 51.
Rxg6 Bxg6 52.Kf4 Be8 53.h4 Bf7 54.Bh1 Bh5 55.Be4 Bd1 56.Bc6 Be2 57.Ba4 Kd5 58.
Kf5 Kd6 59.Kf6 Bf3 60.h5 Bxh5 1/2-1/2

[Event "TIPC 2011"]
[Site "Roux, BEL"]
[Date "2011.08.02"]
[Round "5.3"]
[White "Sclacmender, Julien"]
[Black "Noiroux, Kevin"]
[Result "1-0"]
[BlackElo "2199"]
[WhiteElo "2221"]

1.e4 d5 2.exd5 Qxd5 3.Nc3 Qa5 4.d4 Nf6 5.Bd2 Bg4 6.f3 Bf5 7.g4 Bg6 8.f4 e6 9.f5
exf5 10.g5 Nfd7 11.Qe2 Kd8 12.O-O-O Nc6 13.d5 Nb4 14.a3 Nxc2 15.Kxc2 f4 16.Kb3
Nc5 17.Ka2 Nd3 18.Qxd3 Bxd3 19.Bxd3 Bd6 20.Nf3 h6 21.h4 hxg5 22.hxg5 Rxh1 23.
Rxh1 Ke7 24.Nd4 g6 25.Nb3 Qb6 26.Ne4 a5 27.Bc3 Qe3 28.Bf6 Kd7 29.Bd4 Qf3 30.Nf6
Ke7 31.Re1 Kf8 32.Nd7 Kg8 33.Be4 Qh5 34.Nf6 1-0

[Event "TIPC 2011"]
[Site "Roux, BEL"]
[Date "2011.08.02"]
[Round "5.4"]
[White "Barbier, Wim"]
[Black "Rooze, Jan"]
[Result "1/2-1/2"]
[BlackElo "2363"]
[WhiteElo "2147"]

1.c4 c5 2.g3 Nf6 3.Bg2 Nc6 4.Nc3 g6 5.a3 Bg7 6.Rb1 a5 7.d3 O-O 8.e4 Ne8 9.Nge2
d6 10.Be3 Nc7 11.O-O Rb8 12.d4 cxd4 13.Nxd4 Ne5 14.b3 Bg4 15.f3 Bd7 16.h3 Qc8
17.Kh2 f5 18.f4 Nf7 19.Nd5 Nxd5 20.exd5 h5 21.Qe2 Bf6 22.Bf3 Kg7 23.Rfc1 Rh8
24.h4 Nh6 25.Bf2 Ng4 26.Bxg4 hxg4 27.b4 axb4 28.axb4 g5 29.fxg5 Bxg5 30.Ne6
Bxe6 31.Bd4 Bf6 32.Bxf6 Kxf6 33.Re1 Bf7 34.Qxe7 Kg7 35.Qg5 Kh7 36.Re7 Rf8 37.h5
Qxc4 38.Qxf5 Kg8 39.Qg5 Kh8 40.Qf6 Kg8 41.Qg5 Kh8 42.Qh6 1/2-1/2

[Event "TIPC 2011"]
[Site "Roux, BEL"]
[Date "2011.08.02"]
[Round "5.5"]
[White "Le Quang, Kim"]
[Black "Ponnet, Hendrik"]
[Result "1-0"]
[BlackElo "2159"]
[WhiteElo "2319"]

1.c4 e5 2.g3 d6 3.Bg2 f5 4.d4 Be7 5.dxe5 dxe5 6.Qxd8 Bxd8 7.Nc3 Nc6 8.Bxc6 bxc6
9.Nf3 e4 10.Nd4 Bd7 11.Bf4 Ne7 12.Na4 Ng6 13.Nc5 Nxf4 14.gxf4 Be7 15.Nxd7 Bb4
16.Kf1 Kxd7 17.Rd1 Bd6 18.Nxf5 Rhf8 19.Ng3 c5 20.e3 Rae8 21.Ke2 Kc6 22.Rd5 a5
23.Kd2 g5 24.Rxg5 Rxf4 25.Ke2 Rh4 26.h3 Rb8 27.b3 a4 28.Nf5 axb3 29.axb3 h6 30.
Rg6 Rh5 31.Nxd6 cxd6 32.Rd1 Rd8 33.Re6 Rxh3 34.Rxe4 Rh2 35.Rf4 Kd7 36.Ra1 Kc6
37.Ra7 Rd7 38.Ra8 Rb7 39.Ra3 Rh1 40.Rf6 Rb6 41.e4 Rh4 42.Ke3 Rh1 43.Kf4 Rh4 44.
Kf5 Rh3 45.f4 Rhxb3 46.Rxb3 Rxb3 47.e5 Rc3 48.Rxh6 Rxc4 49.Rxd6 Kc7 50.Rd1 Rc2
51.e6 Re2 52.Kf6 c4 53.e7 c3 54.Rc1 Kd7 55.Rd1 Kc7 56.Rd3 c2 57.Rc3 Kd7 58.f5
Ke8 59.Rc8 Kd7 60.e8=Q Rxe8 61.Rxc2 Rf8 62.Kg6 Rg8 63.Kf7 Rg3 64.Rd2 Kc6 65.f6
Rg1 66.Kf8 Rg3 67.f7 Rg1 68.Rd4 Rf1 69.Ke7 Re1 70.Kf6 Rf1 71.Ke6 Kc7 72.Rd5 Re1
73.Re5 Rf1 74.Rf5 1-0

[Event "TIPC 2011"]
[Site "Roux, BEL"]
[Date "2011.08.02"]
[Round "5.6"]
[White "Henris, Luc"]
[Black "George, Michael"]
[Result "1-0"]
[BlackElo "2009"]
[WhiteElo "2189"]

1.e4 a6 2.d4 b5 3.Nf3 Bb7 4.Bd3 e6 5.O-O Nf6 6.Nbd2 c5 7.c3 cxd4 8.cxd4 d6 9.a4
bxa4 10.Qxa4 Nbd7 11.e5 Nd5 12.Ne4 N5b6 13.Qd1 Bxe4 14.Bxe4 d5 15.Bd3 Qc8 16.
Ng5 g6 17.Qf3 1-0

[Event "TIPC 2011"]
[Site "Roux, BEL"]
[Date "2011.08.02"]
[Round "5.7"]
[White "Dessomme, Francois"]
[Black "Lacroix, Bruno"]
[Result "0-1"]
[BlackElo "2185"]
[WhiteElo "1962"]

1.d4 Nf6 2.Nf3 g6 3.Nbd2 d5 4.e3 Bg7 5.Be2 O-O 6.O-O c5 7.dxc5 Nbd7 8.b4 a5 9.
Bb2 axb4 10.Nb3 Qc7 11.a3 bxa3 12.Rxa3 Rxa3 13.Bxa3 Ne5 14.Bb4 Nc6 15.Bc3 e5
16.Bb5 e4 17.Bxf6 Bxf6 18.Nfd4 Nxd4 19.exd4 Bg5 20.c4 Be6 21.Qc2 f5 22.cxd5
Bxd5 23.Bc4 Qf7 24.Na5 Bf6 25.Rd1 Ra8 26.Bxd5 Qxd5 27.Qc3 Rd8 28.c6 bxc6 29.
Nxc6 Re8 30.Nb4 Qb5 31.Qd2 Rb8 32.Nc2 Qb2 33.g3 Rb3 34.Ne1 Qxd2 35.Rxd2 Rb1 36.
Kf1 Bg5 37.f4 Be7 38.Ke2 Bb4 39.Rd1 Rb2 40.Kf1 Rxh2 41.Ng2 Rh1 42.Ke2 Rxd1 43.
Kxd1 Bc3 44.d5 Bd4 45.Ke2 Kf7 46.Ne1 Ke7 47.Nc2 Bc5 48.Na1 Kd6 49.Nb3 Kxd5 50.
Nd2 h6 51.Nf1 g5 52.Nd2 gxf4 53.gxf4 h5 0-1

[Event "TIPC 2011"]
[Site "Roux, BEL"]
[Date "2011.08.02"]
[Round "5.8"]
[White "Van Uytven, Eric"]
[Black "Atanasiu, Nicolae"]
[Result "1-0"]
[BlackElo "2007"]
[WhiteElo "2158"]

1.e4 b6 2.d4 Bb7 3.Bd3 Nf6 4.Qe2 Nc6 5.c3 e5 6.Nf3 Bd6 7.Nbd2 O-O 8.d5 Ne7 9.
Nc4 Nexd5 10.Nxd6 cxd6 11.exd5 e4 12.Bc4 exf3 13.Qxf3 Rc8 14.Bb3 Re8 15.Be3 Ba6
16.O-O-O Re5 17.Rd4 Qc7 18.Rf4 Rce8 19.Rd1 Re4 20.Rxf6 gxf6 21.Bd4 Rxd4 22.Rxd4
Qd8 23.Rf4 Re1 24.Kd2 Qe7 25.Bc2 Re2 26.Kd1 Re5 27.c4 b5 28.b3 bxc4 29.bxc4 Kg7
30.Qd3 Re1 31.Kd2 Qe5 32.Qxh7 Kf8 33.Qh6 Ke7 34.Qxf6 Qxf6 35.Rxf6 Rg1 36.Rf4
Rxg2 37.h4 Rh2 38.Kc3 f6 39.Bg6 Rh1 40.h5 Rc1 41.Kb4 Rh1 42.Kc3 Rc1 43.Kb3 Rh1
44.Re4 Kd8 45.Re8 Kc7 46.Rh8 Rh4 47.h6 Bxc4 48.Kc3 Bxd5 49.h7 Bxa2 50.Rf8 1-0

[Event "TIPC 2011"]
[Site "Roux, BEL"]
[Date "2011.08.02"]
[Round "5.9"]
[White "Schuermans, Robert"]
[Black "Bikady, Claude"]
[Result "1-0"]
[BlackElo "1995"]
[WhiteElo "2143"]

1.e4 c5 2.Nf3 Nc6 3.d4 cxd4 4.Nxd4 Nf6 5.Nc3 e5 6.Ndb5 d6 7.Bg5 a6 8.Na3 b5 9.
Bxf6 gxf6 10.Nd5 Bg7 11.Bd3 Ne7 12.Ne3 f5 13.g4 fxe4 14.Bxe4 Ra7 15.Qf3 Be6 16.
O-O-O Rc7 17.h4 b4 18.Nb1 Bxa2 19.Rd3 Be6 20.Rhd1 Rd7 21.Bc6 Nxc6 22.Qxc6 O-O
23.g5 Rc7 24.Qxa6 Qc8 25.Rxd6 Qxa6 26.Rxa6 Rfc8 27.Rad6 Bf8 28.Rd8 Kg7 29.Rxc8
Rxc8 30.Nd2 h6 31.Ne4 Be7 32.Nd5 Bf8 33.Nef6 hxg5 34.hxg5 Kg6 35.Nb6 Rc6 36.
Nbd7 Bxd7 37.Nxd7 Bg7 38.Rd5 Kxg5 39.Nxe5 Bxe5 40.Rxe5 Kf4 41.Re3 f5 42.Rd3 Rc4
43.Kd2 Ke4 44.f3 Kf4 45.b3 Rc7 46.Rd4 Kxf3 47.Rxb4 f4 48.Rb8 Rd7 49.Kc3 Rc7 50.
Kb2 Ke2 51.Rf8 f3 52.c4 f2 53.Kc3 Re7 54.Rxf2 Kxf2 55.c5 Ke3 56.b4 Ke4 57.Kc4
Rd7 58.c6 Rd1 59.Kc5 Rc1 60.Kd6 Rd1 61.Ke6 Rh1 62.c7 Rh6 63.Ke7 Rh7 64.Kd6 Rh6
65.Kc5 Rh5 66.Kb6 Rh6 67.Kb7 Rh7 68.b5 Kd5 69.b6 Kc5 70.Ka6 Rh8 71.b7 1-0

[Event "TIPC 2011"]
[Site "Roux, BEL"]
[Date "2011.08.02"]
[Round "5.10"]
[White "De Villers, Mourad"]
[Black "Marte, Sebastien"]
[Result "1-0"]
[BlackElo "1970"]
[WhiteElo "2121"]

1.c4 e6 2.g3 Nf6 3.Bg2 d5 4.Nf3 Be7 5.O-O O-O 6.d4 b6 7.Nc3 Bb7 8.cxd5 exd5 9.
Ne5 Re8 10.Qb3 c5 11.dxc5 Bxc5 12.Bf4 Nc6 13.Nxc6 Bxc6 14.Rad1 Qd7 15.Nxd5 Nxd5
16.Bxd5 Rxe2 17.Qf3 Bxd5 18.Rxd5 Qe8 19.Be5 Rc2 20.Qe4 Rxb2 21.Qg4 Bxf2 22.Rxf2
Rb1 23.Kg2 g6 24.Qf3 Qe7 25.Rd7 1-0

[Event "TIPC 2011"]
[Site "Roux, BEL"]
[Date "2011.08.02"]
[Round "5.12"]
[White "Verspecht, Thierry"]
[Black "Willockx, Ritsaart"]
[Result "1/2-1/2"]
[BlackElo "1961"]
[WhiteElo "2077"]

1.d4 d5 2.c4 c6 3.Qc2 g6 4.e3 Bf5 5.Bd3 Bxd3 6.Qxd3 Nf6 7.Nc3 Bg7 8.Nf3 O-O 9.
O-O Nbd7 10.b3 Qa5 11.Bd2 Qa6 12.e4 dxe4 13.Nxe4 Nxe4 14.Qxe4 Rfe8 15.Qc2 e5
16.dxe5 Nxe5 17.Nxe5 Bxe5 18.Bc3 Bxc3 19.Qxc3 Re2 20.a4 Rae8 21.Rfe1 Qb6 22.
Rxe2 Rxe2 23.c5 Qd8 24.Rc1 Qd2 25.Qxd2 Rxd2 26.g3 Rb2 27.Rc3 Kg7 28.Kg2 Kf6 29.
Kf3 Ke5 30.h4 a5 31.Ke3 Kd5 32.f3 h5 33.Kf4 Kd4 34.Rc4 Kd5 35.Rc3 Kd4 36.Rc4
Kd5 37.Rc3 1/2-1/2

[Event "TIPC 2011"]
[Site "Roux, BEL"]
[Date "2011.08.02"]
[Round "5.13"]
[White "Callier, Christophe"]
[Black "Willen, Ronny"]
[Result "1/2-1/2"]
[BlackElo "1842"]
[WhiteElo "2051"]

1.e4 c5 2.Nf3 d6 3.d4 cxd4 4.Nxd4 Nf6 5.Nc3 g6 6.Be3 Bg7 7.f3 O-O 8.Bc4 Nc6 9.
Qd2 Bd7 10.O-O-O Ne5 11.Bb3 Qa5 12.h4 Rfc8 13.h5 Rxc3 14.Qxc3 Qxc3 15.bxc3 Nxh5
16.g4 Nf6 17.Bh6 Bxh6 18.Rxh6 g5 19.Rg1 Kg7 20.Rh3 a5 21.Nf5 Kf8 22.a3 Rc8 23.
Kb2 a4 24.Ba2 Be6 25.Bxe6 fxe6 26.Ne3 Rc5 27.Rd1 Rb5 28.Kc1 Kg7 29.Rd4 Rc5 30.
Kb2 b5 31.Nd1 Kg6 32.Nf2 Nc4 33.Ka2 Ne5 34.Nd3 Nxd3 35.Rxd3 Nd7 36.Kb2 Ne5 37.
Rd1 Nc4 38.Ka2 Ne5 39.Rdh1 Nf7 40.Kb2 h6 41.Rh5 Kg7 42.Rf1 Ne5 43.Rh3 Kg6 44.
Rg3 Nc4 45.Ka2 Ne5 46.f4 gxf4 47.Rxf4 Rc4 48.Rf8 Rxe4 49.Rb8 Re2 50.Rxb5 Rxc2
51.Kb1 Nc4 52.Rh5 Nxa3 53.Ka1 Re2 54.Rgh3 Nc2 55.Kb1 Ne3 56.Rxh6 Kf7 57.Rf3 Ke8
58.Rxe6 Re1 59.Ka2 Re2 1/2-1/2

[Event "TIPC 2011"]
[Site "Roux, BEL"]
[Date "2011.08.02"]
[Round "5.14"]
[White "Van Vlaenderen, Koen"]
[Black "Burel, Iwan"]
[Result "1/2-1/2"]
[BlackElo "1841"]
[WhiteElo "2031"]

1.e4 c5 2.Nf3 Nc6 3.d4 cxd4 4.Nxd4 Nf6 5.Nc3 e6 6.Bg5 Bb4 7.Ndb5 O-O 8.a3 Bxc3
9.Nxc3 d5 10.exd5 exd5 11.Be2 Bf5 12.Bd3 Re8 13.Kf1 Bxd3 14.Qxd3 d4 15.Ne2 Qd6
16.Rd1 Rad8 17.h4 h6 18.Bf4 Qd5 19.Rh3 Ne4 20.b4 a6 21.Bc7 Rd7 22.Bf4 Ree7 23.
Rf3 g5 24.hxg5 hxg5 25.Bh2 g4 26.Rf4 f5 27.f3 Nd6 28.Nxd4 Ne5 29.Nxf5 Nxf5 30.
Qxd5 Rxd5 31.Re1 Nc6 32.Rxg4 Kh7 33.Rge4 Rf7 34.Kf2 Rd2 35.R1e2 Rxe2 36.Rxe2
Re7 37.Rd2 b5 38.Bf4 Kg6 39.g4 Ng7 40.Rd5 Kf7 41.c4 bxc4 42.Rc5 Nd4 43.Rxc4 Re2
44.Kg3 Nge6 45.a4 Ra2 46.Be5 Ne2 47.Kh4 Ra3 48.f4 Ng1 49.Bc3 Ne2 50.f5 Nxc3 51.
fxe6 Kxe6 52.Rc6 Kf7 53.Rxa6 Rxa4 54.Rb6 Nd5 55.Rb7 Kg6 56.b5 Rb4 57.Rb8
1/2-1/2

[Event "TIPC 2011"]
[Site "Roux, BEL"]
[Date "2011.08.02"]
[Round "5.15"]
[White "De Strycker, Nathan"]
[Black "Truwant, Pieter"]
[Result "1/2-1/2"]
[BlackElo "2021"]
[WhiteElo "1800"]

1.d4 d6 2.c4 e5 3.d5 f5 4.g3 Be7 5.Bg2 Nf6 6.Nc3 Nbd7 7.Nf3 Nf8 8.e4 fxe4 9.Ng5
h6 10.Ngxe4 N8h7 11.O-O O-O 12.f4 exf4 13.Bxf4 a6 14.c5 Nxe4 15.Nxe4 Nf6 16.
Nxf6 Bxf6 17.cxd6 cxd6 18.Qb3 b5 19.Qb4 Qb6 20.Kh1 Bb7 21.a4 Rfc8 22.axb5 Rc2
23.Qe4 Rxg2 24.Kxg2 Qxb5 25.Rad1 Re8 26.Qd3 Re2 27.Rf2 Rxf2 28.Kxf2 Qxb2 29.Rd2
Qb6 30.Kg2 a5 31.Qf5 Bc3 32.Qe6 Kh7 33.Re2 Qb5 34.Qe4 Kg8 35.Qe6 Kh7 36.Qe4 Kg8
1/2-1/2

[Event "TIPC 2011"]
[Site "Roux, BEL"]
[Date "2011.08.02"]
[Round "5.16"]
[White "Ancion, Merowig"]
[Black "Van Mechelen, Jan"]
[Result "1/2-1/2"]
[BlackElo "2242"]
[WhiteElo "1864"]

1.d4 Nf6 2.Nf3 g6 3.Bg5 Bg7 4.e3 c5 5.c3 O-O 6.Be2 b6 7.O-O Bb7 8.Nbd2 d6 9.a4
a6 10.Ne1 Nbd7 11.f4 Qc7 12.Bf3 e5 13.Bxb7 Qxb7 14.fxe5 dxe5 15.dxe5 Nd5 16.e4
Nc7 17.Bf6 Nxe5 18.Bxg7 Kxg7 19.Nef3 Nxf3 20.Qxf3 Ne6 21.Nc4 f6 22.e5 Qxf3 23.
Rxf3 Rab8 24.exf6 Rxf6 25.Rxf6 Kxf6 26.Rf1 1/2-1/2

[Event "TIPC 2011"]
[Site "Roux, BEL"]
[Date "2011.08.02"]
[Round "5.17"]
[White "Uhoda, Philippe"]
[Black "Gorts, Sven"]
[Result "1-0"]
[BlackElo "1902"]
[WhiteElo "2100"]

1.d4 Nf6 2.c4 g6 3.Nc3 Bg7 4.e4 d6 5.f4 O-O 6.Nf3 c5 7.Be2 cxd4 8.Nxd4 Nc6 9.
Be3 Bd7 10.O-O Nxd4 11.Bxd4 Bc6 12.Bf3 Nd7 13.Bxg7 Kxg7 14.Qd4 Kg8 15.Rad1 Qb6
16.Qxb6 Nxb6 17.b3 a5 18.e5 Bxf3 19.Rxf3 dxe5 20.c5 Nc8 21.fxe5 Ra6 22.Rd7 Rc6
23.Na4 b5 24.cxb6 Nxb6 25.Nxb6 Rxb6 26.Rxe7 a4 27.bxa4 Rb1 28.Rf1 Rb2 29.e6
Rxa2 30.exf7 Kg7 31.Ra7 Kh8 32.h3 Kg7 33.Kh2 Kh8 34.Kg3 Kg7 35.Rf2 Ra3 36.Rf3
Ra2 37.h4 h6 38.Kh3 Ra1 39.Kg4 Rg1 40.g3 Ra1 41.h5 Rh1 42.hxg6 Kxg6 43.Rf4 Ra1
44.Kh3 Ra2 45.a5 Kg7 46.Kg4 Kg6 47.a6 Ra3 48.Kh3 Kg5 49.Rb4 Rd8 50.Rg4 Kh5 51.
Rd7 1-0

[Event "TIPC 2011"]
[Site "Roux, BEL"]
[Date "2011.08.02"]
[Round "5.18"]
[White "Grillmaier, Philippe"]
[Black "Di Cosmo, Jonathan"]
[Result "0-1"]
[BlackElo "2073"]
[WhiteElo "1896"]

1.d4 d5 2.e3 Nf6 3.Bd3 c5 4.c3 Nc6 5.f4 Bg4 6.Nf3 g6 7.Nbd2 Bg7 8.O-O O-O 9.Qe1
e6 10.Ne5 Bf5 11.Bxf5 exf5 12.Qh4 Qc7 13.Rf3 b5 14.Rh3 b4 15.Ndf3 bxc3 16.Nxc6
Qxc6 17.Ne5 Qa4 18.b3 Qb5 19.Ba3 Rfc8 20.Bxc5 h6 21.Rc1 Ne4 22.Qe7 Qe8 23.Qxe8
Rxe8 24.b4 Rec8 25.Nd3 g5 26.fxg5 hxg5 27.Rf3 f4 28.exf4 a5 29.a3 axb4 30.axb4
Rab8 31.fxg5 Nxg5 32.Rf5 Ne4 33.Rxd5 Bh6 34.g3 Bxc1 35.Nxc1 Nxc5 36.dxc5 Rxb4
37.Kg2 Rb1 38.Rd1 Rxc5 39.Kf3 c2 40.Re1 Rd5 0-1

[Event "TIPC 2011"]
[Site "Roux, BEL"]
[Date "2011.08.02"]
[Round "5.19"]
[White "Watelet, Sylvain"]
[Black "Ackaert, Thierry"]
[Result "1/2-1/2"]
[BlackElo "2061"]
[WhiteElo "1890"]

1.e4 e6 2.d4 a6 3.Nf3 h6 4.c4 b5 5.cxb5 Bb7 6.Nc3 Bb4 7.Bd3 Nf6 8.Qc2 c5 9.O-O
cxd4 10.Ne2 axb5 11.Nexd4 O-O 12.Nxb5 Nc6 13.a3 Be7 14.Bf4 d6 15.Rad1 e5 16.Bc1
Rc8 17.Qe2 Qa5 18.b4 Qa8 19.Nh4 d5 20.exd5 Nxd5 21.Qg4 Nf6 22.Qg3 Nh5 23.Qg4
Nf6 24.Qg3 Nh5 25.Qg4 Nf6 1/2-1/2

[Event "TIPC 2011"]
[Site "Roux, BEL"]
[Date "2011.08.02"]
[Round "5.20"]
[White "Vanhee, Freddy"]
[Black "Demeirleir, Alain"]
[Result "1-0"]
[BlackElo "1833"]
[WhiteElo "1984"]

1.e4 Nf6 2.e5 Nd5 3.c4 Nb6 4.d4 d6 5.exd6 exd6 6.Bd3 Be7 7.Be3 Nc6 8.Nc3 Nb4 9.
Nge2 Nxd3 10.Qxd3 O-O 11.O-O Bg4 12.Ng3 d5 13.b3 Bf6 14.c5 Nc8 15.f3 Be6 16.f4
Bh4 17.f5 Bxg3 18.hxg3 Bd7 19.Nxd5 f6 20.Bf4 Bb5 21.Qxb5 Qxd5 22.Qc4 c6 23.Qxd5
cxd5 24.Rfe1 Rf7 25.Re8 Rf8 26.Rae1 Kf7 27.Rxf8 Kxf8 28.Re6 Kf7 29.Bd6 h5 30.
Re1 Nxd6 31.cxd6 b6 32.Re7 Kf8 33.Rc7 a6 34.Rc6 b5 35.d7 Rd8 36.Rc8 Ke7 37.Rxd8
Kxd8 38.Kh2 Kxd7 39.Kh3 b4 40.Kh4 Ke7 41.Kxh5 Kf7 42.g4 g6 43.Kh6 1-0

[Event "TIPC 2011"]
[Site "Roux, BEL"]
[Date "2011.08.02"]
[Round "5.21"]
[White "Geboers, Jimmy"]
[Black "Herpigny, Yves"]
[Result "1-0"]
[BlackElo "1758"]
[WhiteElo "1968"]

1.d4 d6 2.c4 e5 3.dxe5 dxe5 4.Qxd8 Kxd8 5.Nc3 Be6 6.e4 f6 7.Be3 Nd7 8.O-O-O c6
9.g3 Kc7 10.Bh3 Bxh3 11.Nxh3 Nh6 12.f3 Nf7 13.Nf2 Bc5 14.Rxd7 1-0

[Event "TIPC 2011"]
[Site "Roux, BEL"]
[Date "2011.08.02"]
[Round "5.22"]
[White "Marchal, Patrice"]
[Black "Vivone, Santino"]
[Result "1/2-1/2"]
[BlackElo "1966"]
[WhiteElo "1860"]

1.f4 d5 2.Nf3 c5 3.e3 Nc6 4.b3 Nf6 5.Bb2 Bf5 6.Bb5 e6 7.Bxc6 bxc6 8.O-O Be7 9.
Ne5 Qb6 10.Nc3 c4 11.Rb1 cxb3 12.axb3 1/2-1/2

[Event "TIPC 2011"]
[Site "Roux, BEL"]
[Date "2011.08.02"]
[Round "5.23"]
[White "Cesar, Andre"]
[Black "Bruno, Ricardo"]
[Result "1/2-1/2"]
[BlackElo "1954"]
[WhiteElo "1851"]

1.d4 Nf6 2.c4 e6 3.Nf3 c5 4.Nc3 cxd4 5.Nxd4 a6 6.g3 Qc7 7.Qd3 Nc6 8.Nxc6 Qxc6
9.e4 Bb4 10.Bg2 b6 11.O-O Bb7 12.a3 Bxc3 13.Qxc3 Rc8 14.Bg5 Ke7 15.Rac1 h6 16.
Be3 d6 17.Qd4 1/2-1/2

[Event "TIPC 2011"]
[Site "Roux, BEL"]
[Date "2011.08.02"]
[Round "5.24"]
[White "Marlier, Gaetan"]
[Black "Meskens, Stephan"]
[Result "1-0"]
[BlackElo "1810"]
[WhiteElo "1954"]

1.e4 e6 2.d4 d5 3.e5 Bb4 4.c3 Bf8 5.Nf3 Ne7 6.Bd3 Nf5 7.O-O Be7 8.a3 b6 9.Nbd2
O-O 10.Re1 c5 11.Nf1 c4 12.Bc2 Nc6 13.Be3 Nxe3 14.Rxe3 f5 15.exf6 Bxf6 16.Ng3
g6 17.Ne2 Qc7 18.g3 Bd7 19.Nf4 Rae8 20.Qe2 Nd8 21.Re1 Qd6 22.h4 Rf7 23.Ne5 Bxe5
24.Rxe5 Rf6 25.Nxd5 Qxd5 26.Rxd5 exd5 27.Qxe8 Bxe8 28.Rxe8 Rf8 29.Re5 Nc6 30.
Rxd5 Re8 31.Kf1 Re7 32.h5 gxh5 33.Rxh5 1-0

[Event "TIPC 2011"]
[Site "Roux, BEL"]
[Date "2011.08.02"]
[Round "5.25"]
[White "Chung Choong Lon, Marc"]
[Black "Vandecasteele, Louis"]
[Result "1/2-1/2"]
[BlackElo "1950"]
[WhiteElo "1805"]

1.e4 e6 2.d4 d5 3.Nd2 Nf6 4.e5 Nfd7 5.Bd3 c5 6.c3 Nc6 7.Ne2 cxd4 8.cxd4 f6 9.
exf6 Nxf6 10.Nf3 Bd6 11.Bf4 O-O 12.O-O Qc7 13.Bxd6 Qxd6 14.Ng3 Bd7 15.a3 Rae8
16.Bb5 Re7 17.Bxc6 Bxc6 18.Ne5 Bb5 19.Re1 Rc7 20.Qb3 Bc4 21.Qe3 Bb5 1/2-1/2

[Event "TIPC 2011"]
[Site "Roux, BEL"]
[Date "2011.08.02"]
[Round "5.26"]
[White "Ooghe, Jean-Marie"]
[Black "Timmermans, Daniel"]
[Result "0-1"]
[BlackElo "1943"]
[WhiteElo "1785"]

1.c4 f5 2.Nf3 Nf6 3.Nc3 g6 4.g3 Bg7 5.Bg2 O-O 6.O-O d6 7.d4 Qe8 8.Qd3 Na6 9.a3
c6 10.b4 Nc7 11.Bd2 e5 12.e4 Nh5 13.dxe5 dxe5 14.Rae1 f4 15.Qd6 Rf7 16.Qd3 Bg4
17.Ne2 Rd8 18.Qc3 Rfd7 19.c5 Bxf3 20.Bxf3 Rxd2 21.Bxh5 gxh5 22.gxf4 exf4 23.Qb3
Qe6 24.Qf3 Qg4 25.Qxg4 hxg4 26.Nxf4 Be5 27.Ne2 R8d3 28.Ng3 Rxa3 29.Rd1 Rxd1 30.
Rxd1 Ra1 31.Rxa1 Bxa1 32.Nf5 h5 33.Nd6 Na6 34.b5 Nxc5 35.Nxb7 Nxb7 36.bxc6 Nd6
37.c7 Nc8 38.Kf1 Be5 0-1

[Event "TIPC 2011"]
[Site "Roux, BEL"]
[Date "2011.08.02"]
[Round "5.29"]
[White "Minet, Julien"]
[Black "Flamant, Jacky"]
[Result "1/2-1/2"]
[BlackElo "1794"]
[WhiteElo "2012"]

1.e4 e6 2.d4 d5 3.exd5 exd5 4.Bd3 Nf6 5.Ne2 Bd6 6.O-O O-O 7.Bf4 Bg4 8.f3 Bh5 9.
c3 c6 10.Qc2 Qc7 11.Bxd6 Qxd6 12.Ng3 Bg6 13.Nf5 Bxf5 14.Bxf5 Nbd7 15.Nd2 Rfe8
16.Rfe1 g6 17.Bd3 Nh5 18.Nb3 Nf4 19.Bf1 Re6 20.Rxe6 Nxe6 21.Re1 a5 22.Qd2 b5
23.Nc1 b4 24.Nd3 bxc3 25.bxc3 Rb8 26.f4 a4 27.Be2 a3 28.Bd1 1/2-1/2

[Event "TIPC 2011"]
[Site "Roux, BEL"]
[Date "2011.08.03"]
[Round "6.1"]
[White "Laurent, Bruno"]
[Black "Maes, Wim"]
[Result "1-0"]
[BlackElo "2245"]
[WhiteElo "2365"]

1.e4 c5 2.Nf3 e6 3.c3 d5 4.exd5 Qxd5 5.Be2 Nc6 6.O-O Nf6 7.d4 cxd4 8.Nxd4 Nxd4
9.cxd4 Be7 10.Nc3 Qd6 11.Qb3 O-O 12.Rd1 Qb4 13.Qxb4 Bxb4 14.Bf3 Rd8 15.Bf4 Nd5
16.Nxd5 exd5 17.Bc7 Rd7 18.Rac1 g6 19.a3 Bd6 20.Bxd6 Rxd6 21.Rc7 Rb8 22.Rdc1
Bd7 23.h4 Kf8 24.b4 Bc6 25.Be2 Bd7 26.R1c3 Bc6 27.Bf3 Bd7 28.R3c5 Be6 29.Rb5
Rb6 30.Ra5 a6 31.Bxd5 Rd8 32.Rxb7 Rxb7 33.Bxb7 Rxd4 34.Rxa6 Rxh4 35.b5 Rc4 36.
Bf3 Rc1 37.Kh2 Rb1 38.b6 g5 39.b7 g4 40.Be4 1-0

[Event "TIPC 2011"]
[Site "Roux, BEL"]
[Date "2011.08.03"]
[Round "6.3"]
[White "Vandevoort, Pascal"]
[Black "Sclacmender, Julien"]
[Result "1-0"]
[BlackElo "2221"]
[WhiteElo "2409"]

1.e4 c5 2.Nf3 Nc6 3.d4 cxd4 4.Nxd4 g6 5.Nc3 Bg7 6.Be3 Nf6 7.Bc4 Qa5 8.O-O O-O
9.Bb3 d6 10.h3 Bd7 11.Re1 Rfe8 12.a3 Rad8 13.Nf3 Rf8 14.Qe2 Qh5 15.Rad1 b6 16.
Bf4 e5 17.Bg5 Nd4 18.Nxd4 Qxg5 19.Nf3 Qh6 20.Rxd6 Be6 21.Rxd8 Rxd8 22.Bxe6 fxe6
23.Qc4 1-0

[Event "TIPC 2011"]
[Site "Roux, BEL"]
[Date "2011.08.03"]
[Round "6.5"]
[White "Noiroux, Kevin"]
[Black "Baudoin, Olivier"]
[Result "1-0"]
[BlackElo "1961"]
[WhiteElo "2199"]

1.e4 e6 2.Qe2 c5 3.g3 Nc6 4.Bg2 d6 5.Nf3 g6 6.c3 Bg7 7.O-O Nge7 8.d3 O-O 9.Re1
e5 10.a4 Bg4 11.h3 Be6 12.Ng5 Qd7 13.Nxe6 Qxe6 14.Nd2 a6 15.a5 f5 16.Nc4 f4 17.
Qg4 Qxg4 18.hxg4 fxg3 19.fxg3 Rad8 20.Be3 h6 21.g5 Kh7 22.Rf1 h5 23.Rad1 Rxf1
24.Kxf1 Bf8 25.Ke2 d5 26.exd5 Nxd5 27.Bxd5 Rxd5 28.Nb6 Rd8 29.Na4 Nxa5 30.Nxc5
Bxc5 31.Bxc5 Nc6 32.b4 Kg7 33.Rf1 Re8 34.Ke3 Ne7 35.Bxe7 Rxe7 36.Ke4 Re8 37.Rf6
Rc8 38.Rd6 Rxc3 39.Rd7 Kg8 40.Rxb7 Rb3 41.Rb6 Kg7 42.Kxe5 Rxd3 43.Rb7 Kg8 44.
Ra7 Rxg3 45.Kf6 h4 46.Kxg6 Kf8 47.Rxa6 Rb3 48.Rf6 Ke7 49.Rf4 h3 50.Kg7 h2 51.
Re4 Kd6 52.Rh4 Rxb4 53.Rxh2 Rg4 54.g6 Ke6 55.Rf2 Rg1 56.Kh7 Rh1 57.Kg8 Rg1 58.
g7 Ke7 59.Rh2 Ra1 60.Kh8 1-0

[Event "TIPC 2011"]
[Site "Roux, BEL"]
[Date "2011.08.03"]
[Round "6.6"]
[White "Van Uytven, Eric"]
[Black "Henris, Luc"]
[Result "1/2-1/2"]
[BlackElo "2189"]
[WhiteElo "2158"]

1.d4 d5 2.Nf3 Nc6 3.c4 Bg4 4.Nc3 e6 5.Bf4 Nf6 6.e3 Bb4 7.Rc1 Qe7 8.Bg5 h6 9.
Bxf6 Qxf6 10.cxd5 exd5 11.a3 Bxc3 12.Rxc3 Bxf3 13.Qxf3 Qxf3 14.gxf3 O-O-O 15.
Bd3 Rd6 16.h4 Re8 17.Kd2 Rf6 18.Rh3 h5 19.Rg3 g6 20.f4 Nxd4 21.exd4 Rxf4 22.Re3
Rxf2 23.Ke1 Rxe3 24.Kxf2 Re6 25.b4 Kd7 26.b5 Kd6 27.Rc2 c6 28.a4 Re7 29.Rc1 Rc7
30.b6 axb6 31.Rb1 Rc8 32.Rxb6 Ra8 33.Rxb7 Rxa4 34.Rxf7 Rxd4 35.Bxg6 Rxh4 36.Rf6
Kc5 37.Be8 Kd4 38.Bxc6 Ke5 1/2-1/2